Normal view MARC view
  • Elahi,Fazl

Entry Personal Name

Number of records used in: 1

001 - CONTROL NUMBER

  • control field: 109397

003 - CONTROL NUMBER IDENTIFIER

  • control field: NUST

005 - DATE AND TIME OF LATEST TRANSACTION

  • control field: 20230221182535.0

008 - FIXED-LENGTH DATA ELEMENTS

  • fixed length control field: 230221|| aca||aabn | a|a d

040 ## - CATALOGING SOURCE

  • Original cataloging agency: NUST
  • Transcribing agency: NUST

100 ## - HEADING--PERSONAL NAME

  • Personal name: Elahi,Fazl

670 ## - SOURCE DATA FOUND

  • Source citation: Work cat.: (NUST)179994: Elahi,Fazl, Rizq Ke Kunjia :
© 2023 Central Library, National University of Sciences and Technology. All Rights Reserved.